000 00369nam a2200157Ia 4500
999 _c8157
_d8157
020 _a9788131234679
082 _a612.8
_bMIS
_23rd
100 _aUK Misra
245 0 _aClinical Neurophysiology
_cUK Misra
250 _a3rd
260 _bElsevier
_c2014
_aIndia
300 _a423
440 _aClinical Neurophysiology
650 _aNeurophysiology
942 _cBK
_2ddc